|
|
|
|
| LEADER |
00000nam0a2200000 4500 |
| 001 |
317349 |
| 005 |
20231102002951.0 |
| 035 |
|
|
|a (RuTPU)RU\TPU\book\342817
|
| 090 |
|
|
|a 317349
|
| 100 |
|
|
|a 20160407d2014 m y0rusy50 ca
|
| 101 |
0 |
|
|a rus
|
| 102 |
|
|
|a RU
|
| 105 |
|
|
|a a j 001zy
|
| 200 |
1 |
|
|a Геология нефти и газа
|e учебное пособие
|f Е. С. Ворожев
|g Уральский государственный горный университет (УГГУ)
|
| 210 |
|
|
|a Екатеринбург
|c Изд-во УГГУ
|d 2014
|
| 215 |
|
|
|a 198 с.
|c ил.
|
| 320 |
|
|
|a Библиогр.: с. 190-191
|
| 606 |
1 |
|
|a Нефтегазовые месторождения
|x Геология
|2 stltpush
|3 (RuTPU)RU\TPU\subj\68603
|9 83810
|
| 610 |
1 |
|
|a учебные пособия
|
| 610 |
1 |
|
|a нефть
|
| 610 |
1 |
|
|a природный газ
|
| 610 |
1 |
|
|a нафтидогенез
|
| 610 |
1 |
|
|a породы-коллекторы
|
| 610 |
1 |
|
|a породы-флюидоупоры
|
| 610 |
1 |
|
|a породы-покрышки
|
| 610 |
1 |
|
|a геологоразведочные работы
|
| 610 |
1 |
|
|a осадочные нефтегазоносные бассейны
|
| 610 |
1 |
|
|a топливо-энергетические ресурсы
|
| 610 |
1 |
|
|a сырьевая база
|
| 675 |
|
|
|a 553.98(075.8)
|v 4
|
| 700 |
|
1 |
|a Ворожев
|b Е. С.
|g Евгений Сергеевич
|
| 712 |
0 |
2 |
|a Уральский государственный горный университет (УГГУ)
|c (2004- )
|c (Екатеринбург)
|2 stltpush
|3 (RuTPU)RU\TPU\col\9082
|
| 801 |
|
1 |
|a RU
|b 63413507
|c 20160407
|
| 801 |
|
2 |
|a RU
|b 63413507
|c 20160715
|g RCR
|
| 942 |
|
|
|c BK
|
| 959 |
|
|
|a 34/20160407
|d 2
|e 1264,00
|f ЧЗТЛ:1
|f УФ:1
|